Computer architecture and logic design / (رقم التسجيلة. 18161)
[ عرض عادي ]
| 000 -الفاتح | |
|---|---|
| حقل البيانات ثابتة الطول | 00838pam a2200253 a 4500 |
| 001 - رقم الضبط | |
| رقم الضبط | 582266 |
| 003 - محدد رقم الضبط | |
| رقم الضبط | OSt |
| 005 - وقت وتاريخ اخر تعامل مع التسجيلة | |
| رقم الضبط | 20150408113946.0 |
| 008 - عناصر البيانات ثابتة الطول - معلومات عامة | |
| حقل البيانات ثابتة الطول | 900628s1991 nyua b 001 0 eng |
| 010 ## - رقم ضبط مكتبة الكونجرس | |
| رقم ضبط مكتبة الكونجرس | 90042808 |
| 020 ## - الرقم الدولى المعيارى للكتب | |
| الرقم الدولى المعيارى للكتاب | 0070039097 : |
| شروط الاتاحة | $45.95 |
| 040 ## - مصدر الفهرسة | |
| وكالة الفهرسة الأصلية | DLC |
| وكالة النسخ | DLC |
| وكالة التعديل | DLC |
| 050 00 - رقم طلب مكتبة الكونجرس | |
| رقم التصنيف | QA76.9.A73 |
| رقم المادة | B374 1991 |
| 082 00 - رقم تصنيف ديوى العشرى | |
| رقم التصنيف | 004.22 |
| رقم الطبعة | 20 |
| 100 1# - المدخل الرئيسى - إسم شخصى | |
| الإسم الشخصى | Bartee, Thomas C. |
| 9 (RLIN) | 6102 |
| 245 10 - بيان العنوان | |
| العنوان | Computer architecture and logic design / |
| بيان المسئوليه,etc | Thomas C. Bartee. |
| 260 ## - PUBLICATION, DISTRIBUTION, ETC. (IMPRINT) | |
| مكان الناشر او الموزع | New York : |
| اسم الناشر او الموزع | McGraw-Hill, |
| تاريخ النشر أو التوزيع | c1991. |
| 300 ## - الوصف المادى | |
| التعداد | xii, 628 p. : |
| تفاصيل ماديه اخرى للوعاء | ill. ; |
| أبعاد الوعاء | 25 cm. |
| 504 ## - تبصرة ببليوجرافية | |
| تبصرة ببليوجرافية,الخ | Includes bibliographical references (p. 615) and index. |
| 650 #0 - المدخل الاضافى بالموضوع-مصطلح موضوعى | |
| مصطلح موضوعي أو اسم جغرافي كعنصر مدخل | Computer architecture. |
| 650 #0 - المدخل الاضافى بالموضوع-مصطلح موضوعى | |
| مصطلح موضوعي أو اسم جغرافي كعنصر مدخل | Logic design. |
| 9 (RLIN) | 6103 |
| 942 ## - عناصر المدخل الإضافي( كوها) | |
| مصدر التصنيف او مخطط الترفيف | Dewey Decimal Classification |
| Koha [default] item type | كتاب |
| حالة الفقد | نموذج السعر الفعال | حالة تلف | ليس للاعارة | رقم الطلب | تاريخ الاكتساب | الموقع الحالي | الباركود | الفرع الرئيسي | Date last seen | نوع المادة فى نظام كوها | مصدر التصنيف او خطة الترفيف | Total Checkouts |
|---|---|---|---|---|---|---|---|---|---|---|---|---|
| 2013-03-10 | 004.22 B T C | 2012-03-03 | المكتبة المركزية بالمجمعة (CL) | 00044959 | المكتبة المركزية بالمجمعة (CL) | 2013-03-10 | كتاب | Dewey Decimal Classification |
